Komparácia vybraných druhov motivácie u študentov vysokých škôl

Zisťovanie významnosti inštrumentálnej, poznávacej a sociálnej motivácie aktivujúcej správanie mladých ľudí v procese prípravy na budúce povolanie. Porovnanie vybraných druhov motivácie u študentov vysokých škôl. Výsledky výskumu.

Gespeichert in:
Bibliographische Detailangaben
1. Verfasser: Bulková, Kristína
Weitere Verfasser: Hibký, Martin
Format: Buchkapitel
Sprache:Slowakisch
Schlagworte:
Tags: Tag hinzufügen
Keine Tags, Fügen Sie das erste Tag hinzu!

MARC

LEADER 00000naa a2200000 4500
001 0227562
005 20220715112325.6
041 0 |a slo 
044 |a SK 
245 1 0 |a Komparácia vybraných druhov motivácie u študentov vysokých škôl  |c Kristína Bulková, Martin Hibký 
520 |a Zisťovanie významnosti inštrumentálnej, poznávacej a sociálnej motivácie aktivujúcej správanie mladých ľudí v procese prípravy na budúce povolanie. Porovnanie vybraných druhov motivácie u študentov vysokých škôl. Výsledky výskumu. 
610 2 0 |a vysokoškoláci 
610 2 0 |a školy vysoké 
610 2 0 |a štúdium vysokoškolské 
610 2 0 |a motivácia 
610 2 0 |a porovnanie štatistické 
610 2 0 |a výskum aplikovaný 
100 1 |a Bulková, Kristína 
700 1 |a Hibký, Martin